Etude sur Denys d'Halicarnasse et le traité de la disposition des mots / (Record no. 31080)

MARC details
000 -LEADER
campo de control de longitud fija 00592nam a2200181 i 4500
001 - NÚMERO DE CONTROL
campo de control 31080
003 - IDENTIFICADOR DE NÚMERO DE CONTROL
campo de control ES-MaACL
007 - CAMPO FIJO DE DESCRIPCIÓN FÍSICA--INFORMACIÓN GENERAL
campo de control de longitud fija t|
008 - DATOS DE LONGITUD FIJA--INFORMACIÓN GENERAL
campo de control de longitud fija 030128s1879 fr ||||1| fre d
100 1# - ENTRADA PRINCIPAL--NOMBRE DE PERSONA
Nombre de persona Baudat, Emile.
9 (RLIN) 26510
245 10 - MENCIÓN DEL TÍTULO
Título Etude sur Denys d'Halicarnasse et le traité de la disposition des mots /
Mención de responsabilidad, etc. par Emile Baudat.
260 ## - PUBLICACIÓN, DISTRIBUCIÓN, ETC.
Lugar de publicación, distribución, etc. París :
Nombre del editor, distribuidor, etc. F. Vieweg,
Fecha de publicación, distribución, etc. 1879 (
Lugar de fabricación/manufactura Vienne :
Fabricante Adolphe Holahausen)
300 ## - DESCRIPCIÓN FÍSICA
Extensión 78 p. ;
Dimensiones 22 cm.
490 1# - MENCIÓN DE SERIE
Mención de serie Philologique. Recueil de travaux
830 0# - PUNTO DE ACCESO ADICIONAL DE SERIE-TÍTULO UNIFORME
Título uniforme Philologique. Recueil de travaux
9 (RLIN) 229359
852 ## - LOCALIZACIÓN
Ubicación ES-MaACL
Número de control de estantería C-6767
Holdings
Estatus retirado Estado de pérdida Estado de daño No para préstamo Colección Biblioteca de origen Biblioteca actual Ubicación en estantería Fecha de adquisición Fuente de adquisición Total de préstamos Signatura topográfica completa Código de barras Visto por última vez Precio de reemplazo Tipo de ítem Koha
        Libros del s. XIX Biblioteca del Ateneo de Madrid Biblioteca del Ateneo de Madrid Sala Palomar 17/01/2008     C-6767 1032108 23/02/2023 23/02/2023 Libro impreso antiguo